000 00518nam a2200169Ia 4500
999 _c5829
_d5829
003 OSt
005 20200120120645.0
008 190216s9999||||xx |||||||||||||| ||und||
040 _coclc
082 _a658.8
_bSHE/E
100 _aSherlekar, S A
_91234
245 0 _aEssentials Of Marketing Management /
_cS A Sherlekar ; P N Reddy ; H R Appannaiah
250 _a4th ed.
260 _bHimalaya Publishing House,
_c1995.
_aBombay:
300 _a355p
942 _cBK
_2ddc
_h658.8
_iSHE/E
_k658.8
_mSHE/E